[Event "London MSO Masters"]
[Site "London"]
[Date "1999.08.21"]
[Round "1"]
[White "Gallagher, Joseph G"]
[Black "Shah, Arpi"]
[Result "1-0"]
[WhiteElo "2521"]
[BlackElo "2079"]
[PlyCount "81"]
[EventDate "1999.08.21"]
[EventType "swiss"]
[EventRounds "9"]
[EventCountry "ENG"]
[SourceTitle "EXT 2000"]
[Source "ChessBase"]
[SourceDate "1999.11.16"]
[SourceVersion "1"]
[SourceVersionDate "1999.11.16"]
[SourceQuality "1"]

1. e4 c6 2. d4 d5 3. Nc3 dxe4 4. Nxe4 Nd7 5. Nf3 Ngf6 6. Ng3 e6 7. Bd3 c5 8. 0-0 Be7 9. c3 0-0 10. Qe2 Qc7 11. Ng5 Re8 12. Nh5 g6 13. Nf4 Nf8 14. Be3 Bd7 15. Qf3 c4 16. Bc2 Bc6 17. Qh3 Bd6 18. Qh4 Nd5 19. Nxd5 Bxd5 20. Ne4 Bxe4 21. Bxe4 f5 22. Bf3 Nd7 23. Bg5 Rab8 24. Rfe1 b5 25. Re3 Nf8 26. Rae1 b4 27. g4 f4 28. Re4 bxc3 29. bxc3 Rb2 30. d5 e5 31. Bxf4 Bc5 32. Bg3 Qf7 33. Kg2 Nd7 34. g5 Rf8 35. Qg4 Rxa2 36. Qe6 a5 37. Rb1 a4 38. Rb7 Qxe6 39. dxe6 Nb6 40. Rxe5 Bd6 41. Rxb6 1-0

[Event "Commonwealth-ch"]
[Site "India"]
[Date "1999.??.??"]
[Round "?"]
[White "Shah, Arpi"]
[Black "Harikrishna, Pentala"]
[Result "0-1"]
[WhiteElo "2048"]
[BlackElo "2225"]
[PlyCount "118"]
[EventDate "1999.??.??"]
[EventType "swiss"]
[EventRounds "10"]
[EventCountry "IND"]
[SourceTitle "EXT 2002"]
[Source "ChessBase"]
[SourceDate "2001.11.25"]
[SourceVersion "1"]
[SourceVersionDate "2001.11.25"]
[SourceQuality "1"]

1. e4 e6 2. d4 d5 3. Nc3 Bb4 4. e5 c5 5. Nf3 cxd4 6. Qxd4 Nc6 7. Bb5 Qa5 8. 0-0 Nge7 9. Qg4 Bxc3 10. Bxc6+ bxc6 11. bxc3 Ba6 12. Re1 Qxc3 13. Bd2 Qc4 14. Qxg7 Rg8 15. Qf6 Rg6 16. Qf4 Qxf4 17. Bxf4 Kd7 18. Be3 Nf5 19. Nd2 Rag8 20. g3 h5 21. Nb3 Kc7 22. Nc5 Bc8 23. Rab1 Rg4 24. Bd2 Kd8 25. Nb7+ Ke8 26. Rb2 Rd4 27. Be3 Re4 28. Reb1 Rxe5 29. Bxa7 Ke7 30. a4 Re4 31. Nc5 Rc4 32. a5 Nd6 33. a6 Nb5 34. Bb6 Bd7 35. Ra1 Ra8 36. Ra5 Bc8 37. a7 Kd6 38. Na4 d4 39. Ra2 e5 40. Kg2 Be6 41. Ra1 h4 42. Bc5+ Rxc5 43. Nxc5 h3+ 44. Kf3 Kxc5 45. g4 Kb6 46. g5 Bf5 47. Ra6+ Kb7 48. R6a2 Rxa7 49. Rxa7+ Nxa7 50. Re1 e4+ 51. Kf4 Bg6 52. Kg4 c5 53. Kxh3 d3 54. cxd3 exd3 55. Kg4 c4 56. f4 d2 57. Ra1 c3 58. f5 c2 59. fxg6 d1Q+ 0-1

[Event "Hampstead IM 4th"]
[Site "Hampstead"]
[Date "1998.11.01"]
[Round "9"]
[White "Shah, Arpi"]
[Black "Varga, Peter"]
[Result "0-1"]
[WhiteElo "2030"]
[BlackElo "2445"]
[PlyCount "50"]
[EventDate "1998.10.??"]
[EventType "tourn"]
[EventRounds "9"]
[EventCountry "ENG"]
[EventCategory "3"]
[SourceTitle "EXT 1999"]
[Source "ChessBase"]
[SourceDate "1998.11.16"]
[SourceVersion "1"]
[SourceVersionDate "1998.11.16"]
[SourceQuality "1"]

1. e4 Nf6 2. e5 Nd5 3. d4 d6 4. Bc4 Nb6 5. Bb3 a5 6. a4 dxe5 7. Qh5 e6 8. dxe5 Na6 9. Be3 Bc5 10. Qe2 Bd7 11. Nf3 Bxe3 12. Qxe3 Qe7 13. Nbd2 Nc5 14. Qf4 0-0 15. 0-0 Rfd8 16. Ne4 Nxb3 17. cxb3 Bc6 18. Qg4 Kh8 19. Neg5 h6 20. Qh5 Kg8 21. Nh3 Rd3 22. Ra3 Qb4 23. Nfg5 Rf8 24. f4 Qd4+ 25. Kh1 Qxb2 0-1

[Event "Hampstead IM 4th"]
[Site "Hampstead"]
[Date "1998.10.27"]
[Round "3"]
[White "Pigott, John C"]
[Black "Shah, Arpi"]
[Result "1-0"]
[WhiteElo "2370"]
[BlackElo "2030"]
[PlyCount "87"]
[EventDate "1998.10.??"]
[EventType "tourn"]
[EventRounds "9"]
[EventCountry "ENG"]
[EventCategory "3"]
[SourceTitle "EXT 1999"]
[Source "ChessBase"]
[SourceDate "1998.11.16"]
[SourceVersion "1"]
[SourceVersionDate "1998.11.16"]
[SourceQuality "1"]

1. d4 Nf6 2. c4 c5 3. d5 e5 4. Nc3 d6 5. e4 g6 6. Bd3 Bg7 7. f3 0-0 8. Bg5 h6 9. Be3 Nh5 10. Qd2 f5 11. 0-0-0 f4 12. Bf2 a6 13. Kb1 b5 14. cxb5 axb5 15. Nxb5 Na6 16. Ne2 Rf7 17. Nec3 Nf6 18. g3 Ne8 19. Rhg1 g5 20. h4 gxh4 21. gxh4 Bd7 22. Rg6 Qb6 23. Qe2 Nac7 24. Nxc7 Nxc7 25. Rdg1 Kf8 26. Be1 Ne8 27. Bb5 Nc7 28. Bxd7 Rxd7 29. Qg2 Ne8 30. h5 Raa7 31. Rxh6 Nf6 32. Rxf6+ Bxf6 33. Qg8+ Ke7 34. Qe6+ Kd8 35. Qxf6+ Kc7 36. Qg5 Qa6 37. Qg2 Qd3+ 38. Kc1 Rh7 39. Rh1 Kb6 40. h6 Rxa2 41. Nxa2 Ra7 42. b3 Qe3+ 43. Kb2 c4 44. Bf2 1-0

[Event "Hampstead IM 4th"]
[Site "Hampstead"]
[Date "1998.10.27"]
[Round "2"]
[White "Shah, Arpi"]
[Black "Corkett, Anthony R"]
[Result "1-0"]
[WhiteElo "2030"]
[BlackElo "2240"]
[PlyCount "81"]
[EventDate "1998.10.??"]
[EventType "tourn"]
[EventRounds "9"]
[EventCountry "ENG"]
[EventCategory "3"]
[SourceTitle "EXT 1999"]
[Source "ChessBase"]
[SourceDate "1998.11.16"]
[SourceVersion "1"]
[SourceVersionDate "1998.11.16"]
[SourceQuality "1"]

1. e4 c5 2. Nc3 Nc6 3. g3 g6 4. Bg2 Bg7 5. d3 Rb8 6. Be3 Nd4 7. Qd2 b5 8. Nd1 e5 9. c3 Ne6 10. Ne2 Nf6 11. h3 d5 12. f4 dxe4 13. fxe5 Nd5 14. Bxe4 Bxe5 15. Bh6 Qd6 16. Nf2 Bb7 17. g4 b4 18. d4 cxd4 19. cxd4 Bf6 20. h4 Kd7 21. g5 Bd8 22. Ng4 f5 23. gxf6 Nxf6 24. Ne5+ Ke8 25. Bxb7 Rxb7 26. Rc1 Qd5 27. 0-0 Ne4 28. Qd3 Nd6 29. Bg5 Nxg5 30. hxg5 Bxg5 31. Rc5 Qe4 32. Qa6 Be3+ 33. Kh2 Qh4+ 34. Kg2 Qg5+ 35. Ng3 Qd8 36. Qc6+ Ke7 37. Rf7+ Nxf7 38. Qxb7+ Kf6 39. Qxf7+ Kg5 40. Ne4+ Kh6 41. Ng4# 1-0

[Event "BCF-chT2 9899 (4NCL)"]
[Site "England"]
[Date "1998.10.25"]
[Round "2.7"]
[White "Shah, Arpi"]
[Black "Batey, Richard"]
[Result "1/2-1/2"]
[WhiteElo "2030"]
[BlackElo "2045"]
[PlyCount "52"]
[EventDate "1998.10.??"]
[EventType "team"]
[EventRounds "11"]
[EventCountry "ENG"]
[SourceTitle "EXT 2000"]
[Source "ChessBase"]
[SourceDate "1999.11.16"]
[SourceVersion "1"]
[SourceVersionDate "1999.11.16"]
[SourceQuality "1"]
[WhiteTeam "Kings Head"]
[BlackTeam "Gwent Dragons"]
[WhiteTeamCountry "ENG"]
[BlackTeamCountry "ENG"]

1. e4 e5 2. Bc4 Nf6 3. d3 Bc5 4. Nc3 Nc6 5. f4 d6 6. Nf3 Bg4 7. Na4 Bb6 8. Nxb6 axb6 9. c3 0-0 10. h3 Bxf3 11. Qxf3 exf4 12. Bxf4 Ne5 13. Bxe5 dxe5 14. 0-0 Qe7 15. Rf2 Ne8 16. Raf1 Nd6 17. Bb3 c5 18. Bd5 Rac8 19. Qd1 b5 20. Qg4 Rc7 21. h4 Kh8 22. h5 h6 23. Qd1 f6 24. Rf3 Nf7 25. Bxf7 Qxf7 26. Qb3 Qxb3 1/2-1/2

[Event "BCF-chT2 9899 (4NCL)"]
[Site "England"]
[Date "1998.10.24"]
[Round "1.7"]
[White "Laurence, Adrian"]
[Black "Shah, Arpi"]
[Result "1-0"]
[WhiteElo "1752"]
[BlackElo "2030"]
[PlyCount "39"]
[EventDate "1998.10.??"]
[EventType "team"]
[EventRounds "11"]
[EventCountry "ENG"]
[SourceTitle "EXT 2000"]
[Source "ChessBase"]
[SourceDate "1999.11.16"]
[SourceVersion "1"]
[SourceVersionDate "1999.11.16"]
[SourceQuality "1"]
[WhiteTeam "Slough II"]
[BlackTeam "Kings Head"]
[WhiteTeamCountry "ENG"]
[BlackTeamCountry "ENG"]

1. c4 c6 2. Nc3 d5 3. cxd5 cxd5 4. d4 Nf6 5. g3 Nc6 6. Bg2 g6 7. Bf4 a6 8. Nf3 Bg7 9. 0-0 0-0 10. Qd2 Re8 11. Rad1 e6 12. Rfe1 Bd7 13. Bg5 Qb6 14. Bxf6 Bxf6 15. e3 Na5 16. b3 Rac8 17. e4 Qb4 18. Nxd5 Qxd2 19. Nxf6+ Kg7 20. Nxe8+ 1-0

[Event "Hampstead IM 3rd"]
[Site "Hampstead"]
[Date "1998.08.19"]
[Round "9"]
[White "Shah, Arpi"]
[Black "Adrian, Claude"]
[Result "1/2-1/2"]
[WhiteElo "2030"]
[BlackElo "2310"]
[PlyCount "86"]
[EventDate "1998.08.??"]
[EventType "tourn"]
[EventRounds "11"]
[EventCountry "ENG"]
[EventCategory "1"]
[SourceTitle "EXT 1999"]
[Source "ChessBase"]
[SourceDate "1998.11.16"]
[SourceVersion "1"]
[SourceVersionDate "1998.11.16"]
[SourceQuality "1"]

1. e4 e6 2. d4 d5 3. exd5 exd5 4. Bd3 c5 5. dxc5 Bxc5 6. c3 Nf6 7. Qe2+ Be6 8. Be3 Qb6 9. Bxc5 Qxc5 10. Nf3 0-0 11. 0-0 Bg4 12. Nbd2 Re8 13. Qd1 Nc6 14. Qb3 d4 15. Qb5 Qxb5 16. Bxb5 dxc3 17. bxc3 Red8 18. h3 Bh5 19. g4 Bg6 20. Nb3 Bd3 21. Bxd3 Rxd3 22. Kg2 Rxc3 23. Rac1 Nd5 24. Rcd1 Nf4+ 25. Kg3 g5 26. Rfe1 Kg7 27. h4 Ne6 28. hxg5 Nxg5 29. Re3 Rxe3 30. fxe3 Nxf3 31. Kxf3 Rd8 32. Rb1 b6 33. Kf4 Nb4 34. Nd4 Nd5+ 35. Kf3 Rc8 36. Rd1 Nb4 37. Nf5+ Kf6 38. a3 Nc2 39. Rd6+ Kg5 40. Rh6 Rc3 41. Rh5+ Kf6 42. Kf4 Ke6 43. Rh6+ Kd7 1/2-1/2

[Event "Hampstead IM 3rd"]
[Site "Hampstead"]
[Date "1998.08.13"]
[Round "4"]
[White "Vegh, Endre"]
[Black "Shah, Arpi"]
[Result "1-0"]
[WhiteElo "2340"]
[BlackElo "2030"]
[PlyCount "91"]
[EventDate "1998.08.??"]
[EventType "tourn"]
[EventRounds "11"]
[EventCountry "ENG"]
[EventCategory "1"]
[SourceTitle "EXT 1999"]
[Source "ChessBase"]
[SourceDate "1998.11.16"]
[SourceVersion "1"]
[SourceVersionDate "1998.11.16"]
[SourceQuality "1"]

1. d4 d5 2. c4 c6 3. Nf3 Nf6 4. Nc3 dxc4 5. e3 b5 6. a4 b4 7. Nb1 Ba6 8. Be2 e6 9. 0-0 Be7 10. Nbd2 c3 11. bxc3 bxc3 12. Nb1 Qa5 13. Bxa6 Nxa6 14. Qd3 0-0 15. Nxc3 c5 16. Ba3 Nb4 17. Qd2 Rfd8 18. Rfb1 Rab8 19. Qc1 a6 20. Ne2 Rdc8 21. Qd1 Qc7 22. Rc1 Qa7 23. Rab1 h6 24. dxc5 a5 25. Bxb4 axb4 26. c6 Nd5 27. Nfd4 Qa6 28. Qb3 Nb6 29. Ra1 Bf6 30. Ra2 Nd5 31. Rac2 Ra8 32. Ra2 Rab8 33. g3 Ne7 34. c7 Ra8 35. Nb5 Nd5 36. e4 Nc3 37. Nexc3 bxc3 38. Qc4 Be5 39. Kg2 Qb7 40. Rac2 Qa6 41. Qc5 Bxc7 42. Nxc7 Qxa4 43. Qxc3 Qxe4+ 44. Qf3 Qxf3+ 45. Kxf3 Ra3+ 46. Kg2 1-0

[Event "Hampstead IM 3rd"]
[Site "Hampstead"]
[Date "1998.08.12"]
[Round "3"]
[White "Shah, Arpi"]
[Black "Georghiou, Paul T"]
[Result "1-0"]
[WhiteElo "2030"]
[BlackElo "2230"]
[PlyCount "149"]
[EventDate "1998.08.??"]
[EventType "tourn"]
[EventRounds "11"]
[EventCountry "ENG"]
[EventCategory "1"]
[SourceTitle "EXT 1999"]
[Source "ChessBase"]
[SourceDate "1998.11.16"]
[SourceVersion "1"]
[SourceVersionDate "1998.11.16"]
[SourceQuality "1"]

1. e4 c6 2. d4 d5 3. exd5 cxd5 4. Bd3 Nc6 5. c3 g6 6. Nf3 Bf5 7. Bxf5 gxf5 8. Qd3 e6 9. Bf4 Bd6 10. Bxd6 Qxd6 11. Nbd2 Nf6 12. Qe2 Rg8 13. g3 Ne4 14. Nb3 0-0-0 15. 0-0-0 Kb8 16. Ne1 Qe7 17. Nd3 Rc8 18. Kb1 Ka8 19. Rhe1 b6 20. Ne5 Nxe5 21. dxe5 Kb7 22. Rd4 Nc5 23. Qb5 Nxb3 24. Qxb3 Rg4 25. Rxg4 fxg4 26. Qd1 h5 27. Qd3 Qg5 28. f4 gxf3 29. Qxf3 Rc7 30. a3 a5 31. Qe2 h4 32. gxh4 Qxh4 33. Rf1 Qh7+ 34. Ka2 Qh4 35. Rf6 Qc4+ 36. Qxc4 dxc4 37. h4 Kc8 38. h5 Kd8 39. h6 Ke7 40. Kb1 Rc5 41. Rf4 b5 42. Kc2 Rc8 43. Kd2 f5 44. exf6+ Kf7 45. Ke3 Rh8 46. Rh4 Kxf6 47. Ke4 Rh7 48. Rh2 e5 49. Rh5 Kg6 50. Rxe5 Rb7 51. Re6+ Kf7 52. Kd5 b4 53. Re3 bxa3 54. bxa3 Rb3 55. Rg3 Rb5+ 56. Kxc4 Rh5 57. Rd3 Rxh6 58. Kb5 Rh5+ 59. Ka4 Ke6 60. Kb3 Rg5 61. Ka4 Rc5 62. Kb3 Rh5 63. a4 Rc5 64. Rd8 Rc6 65. Ra8 Rc5 66. Rb8 Kd7 67. Rb5 Kd6 68. Rxc5 Kxc5 69. Kb2 Kd5 70. Kc1 Kc5 71. Kd2 Kc4 72. Kc2 Kc5 73. Kd3 Kd5 74. c4+ Ke5 75. Ke3 1-0

[Event "IND-ch (Women)"]
[Site "Khomikodze"]
[Date "1998.??.??"]
[Round "?"]
[White "Shah, Arpi"]
[Black "Koneru, Humpy"]
[Result "1/2-1/2"]
[WhiteElo "2030"]
[BlackElo "2140"]
[PlyCount "49"]
[EventDate "1998.??.??"]
[EventType "swiss"]
[EventRounds "7"]
[EventCountry "IND"]
[SourceTitle "EXT 2003"]
[Source "ChessBase"]
[SourceDate "2002.11.25"]
[SourceVersion "1"]
[SourceVersionDate "2002.11.25"]
[SourceQuality "1"]

1. e4 d6 2. d4 Nf6 3. Bd3 g6 4. Nf3 Bg7 5. c3 c6 6. h3 0-0 7. 0-0 Qc7 8. Bg5 e5 9. dxe5 dxe5 10. Nbd2 Be6 11. Qe2 Nbd7 12. Rfe1 h6 13. Be3 Rfd8 14. Bc4 Bxc4 15. Qxc4 Nf8 16. Rad1 b5 17. Qb3 Rab8 18. Qc2 c5 19. a4 a6 20. axb5 axb5 21. Ra1 Ra8 22. Qb3 N8d7 23. Rxa8 Rxa8 24. Qxb5 Rb8 25. Qd3 1/2-1/2

[Event "BCF-chT 9697 (4NCL)"]
[Site "England"]
[Date "1996.10.20"]
[Round "2.8"]
[White "Turvey Cross, Syringa"]
[Black "Shah, Arpi"]
[Result "0-1"]
[WhiteElo "1624"]
[BlackElo "2035"]
[PlyCount "51"]
[EventDate "1996.10.??"]
[EventType "team"]
[EventRounds "12"]
[EventCountry "ENG"]
[SourceTitle "EXT 1999"]
[Source "ChessBase"]
[SourceDate "1998.11.16"]
[SourceVersion "1"]
[SourceVersionDate "1998.11.16"]
[SourceQuality "1"]
[WhiteTeam "Croydon"]
[BlackTeam "Wood Green"]
[WhiteTeamCountry "ENG"]
[BlackTeamCountry "ENG"]

1. e4 c6 2. d4 d5 3. Nc3 dxe4 4. Nxe4 Nd7 5. Nf3 Ngf6 6. Ng3 e6 7. Bc4 Be7 8. 0-0 0-0 9. a4 Qc7 10. Qe2 Nb6 11. Bb3 c5 12. c4 a5 13. Bg5 cxd4 14. Nxd4 Qc5 15. Be3 Qb4 16. Bd2 Qc5 17. Bc3 Bd7 18. Rfd1 Rfd8 19. Ne4 Nxe4 20. Qxe4 Nxc4 21. Bc2 g6 22. Nb3 Qc6 23. Qe2 e5 24. Be4 Qc7 25. Bd5 Rac8 26. Rac1 0-1

[Event "Northumbrian Masters 1st"]
[Site "Newcastle on Tyne"]
[Date "1996.08.30"]
[Round "6"]
[White "Shah, Arpi"]
[Black "Houska, Miroslav"]
[Result "0-1"]
[WhiteElo "2035"]
[BlackElo "2265"]
[PlyCount "98"]
[EventDate "1996.08.28"]
[EventType "swiss"]
[EventRounds "9"]
[EventCountry "ENG"]
[SourceTitle "EXT 2023"]
[Source "ChessBase"]
[SourceDate "2022.10.05"]
[SourceVersion "1"]
[SourceVersionDate "2022.10.05"]
[SourceQuality "1"]

1. e4 d6 2. d4 Nf6 3. Bd3 e5 4. c3 c6 5. Nf3 Nbd7 6. 0-0 Be7 7. Re1 0-0 8. Nbd2 Re8 9. Nc4 Bf8 10. a4 h6 11. h3 g6 12. Be3 d5 13. Ncxe5 dxe4 14. Bc4 Nd5 15. Nxd7 Bxd7 16. Ne5 Be6 17. Qb3 Rb8 18. Qc2 Nxe3 19. Rxe3 Bxc4 20. Nxc4 f5 21. Ne5 Kh7 22. Qb3 Re7 23. Rg3 Rg7 24. a5 Qd5 25. Qxd5 cxd5 26. a6 g5 27. h4 g4 28. Ra5 bxa6 29. b4 Be7 30. h5 Bh4 31. Re3 f4 32. Re2 f3 33. Rea2 g3 34. Ng6 gxf2+ 35. Kf1 e3 36. gxf3 Bg5 37. Rxd5 Rc7 38. Rxa6 Rxb4 39. Ra1 Rbc4 40. f4 Rxc3 41. Rc5 R3xc5 42. dxc5 Bf6 43. Rc1 Kg8 44. Ne5 Bxe5 45. fxe5 Rg7 46. Ke2 Rg1 47. Rf1 Rxf1 48. Kxf1 Kf7 49. c6 Ke6 0-1

[Event "Northumbrian Masters 1st"]
[Site "Newcastle on Tyne"]
[Date "1996.08.28"]
[Round "1"]
[White "Shah, Arpi"]
[Black "Mah, Karl"]
[Result "0-1"]
[WhiteElo "2035"]
[BlackElo "2245"]
[PlyCount "80"]
[EventDate "1996.08.28"]
[EventType "swiss"]
[EventRounds "9"]
[EventCountry "ENG"]
[SourceTitle "EXT 2023"]
[Source "ChessBase"]
[SourceDate "2022.10.05"]
[SourceVersion "1"]
[SourceVersionDate "2022.10.05"]
[SourceQuality "1"]

1. e4 c5 2. Nc3 Nc6 3. g3 g6 4. Bg2 Bg7 5. d3 d6 6. Be3 Rb8 7. Qd2 b5 8. Nge2 Nd4 9. 0-0 e6 10. Nc1 b4 11. Nd1 Qb6 12. c3 bxc3 13. bxc3 Nc6 14. Ne2 Ba6 15. f4 Nge7 16. Rc1 0-0 17. g4 f5 18. gxf5 exf5 19. Ng3 fxe4 20. Nxe4 Nf5 21. Ng5 Nd8 22. Bf2 Bb7 23. Ne4 Ne6 24. Ne3 d5 25. Rb1 Qc7 26. Rxb7 Rxb7 27. Nxd5 Qa5 28. Ndf6+ Kh8 29. Ng5 Nxg5 30. Bxb7 Nh3+ 31. Kg2 Nxf2 32. Nd7 Ng4 33. Nxf8 Nge3+ 34. Kg1 Nxf1 35. Kxf1 Bxf8 36. Qe1 Qc7 37. Qe4 Qe7 38. Qc6 Nd6 39. Ba6 Qe3 40. Qa8 Qxf4+ 0-1

[Event "Goodricke op 07th"]
[Site "Kolkata"]
[Date "1996.??.??"]
[Round "6"]
[White "Lovlu, Saifuddi"]
[Black "Shah, Arpi"]
[Result "1-0"]
[WhiteElo "2215"]
[BlackElo "2035"]
[PlyCount "119"]
[EventDate "1996.02.??"]
[EventType "swiss"]
[EventRounds "11"]
[EventCountry "IND"]
[SourceTitle "CBM 050 Extra"]
[Source "ChessBase"]
[SourceDate "1996.03.01"]
[SourceVersion "1"]
[SourceVersionDate "1996.03.01"]
[SourceQuality "1"]

1. e4 c6 2. c4 d5 3. exd5 cxd5 4. d4 Nf6 5. Nc3 g6 6. Nf3 Bg7 7. Qb3 0-0 8. cxd5 Nbd7 9. Bc4 Nb6 10. 0-0 Bf5 11. Nh4 Bc2 12. Qxc2 Nxc4 13. Qb3 Nb6 14. Nf3 Nfxd5 15. Re1 e6 16. Bg5 Qd6 17. a3 Nxc3 18. bxc3 Rac8 19. a4 Qd5 20. Reb1 Qa5 21. Be7 Rfe8 22. Bb4 Qd5 23. Bc5 Rc7 24. a5 Nc8 25. Ra3 Bf8 26. c4 Qf5 27. Bxf8 Kxf8 28. Re1 Ne7 29. Qb4 Kg8 30. Ne5 f6 31. Rf3 Qg5 32. Qd6 Nd5 33. cxd5 Rc1 34. Nd3 Rxe1+ 35. Nxe1 exd5 36. Re3 Rxe3 37. fxe3 Qxe3+ 38. Kf1 Qxd4 39. Qb8+ Kg7 40. Qxb7+ Kg8 41. Qc8+ Kg7 42. Qd7+ Kh6 43. Qe7 Qf4+ 44. Kg1 Qd4+ 45. Kf1 Qf4+ 46. Nf3 Qc1+ 47. Qe1 Qc4+ 48. Kf2 Qc2+ 49. Qe2 Qc6 50. Qe3+ g5 51. Qxa7 Qc2+ 52. Kg3 Qe4 53. Qd4 Qe6 54. h3 Kg6 55. Qb6 Qe4 56. Qd6 h5 57. a6 Qa4 58. Ne5+ Kf5 59. Qd7+ Qxd7 60. Nxd7 1-0

[Event "Goodricke op 07th"]
[Site "Kolkata"]
[Date "1996.??.??"]
[Round "8"]
[White "Satyapragyan, Swayangsu"]
[Black "Shah, Arpi"]
[Result "1-0"]
[WhiteElo "2205"]
[BlackElo "2035"]
[PlyCount "75"]
[EventDate "1996.02.??"]
[EventType "swiss"]
[EventRounds "11"]
[EventCountry "IND"]
[SourceTitle "CBM 050 Extra"]
[Source "ChessBase"]
[SourceDate "1996.03.01"]
[SourceVersion "1"]
[SourceVersionDate "1996.03.01"]
[SourceQuality "1"]

1. e4 c5 2. Nf3 Nc6 3. d4 cxd4 4. Nxd4 Nf6 5. Nc3 e5 6. Ndb5 d6 7. Bg5 a6 8. Na3 b5 9. Bxf6 gxf6 10. Nd5 f5 11. exf5 Bxf5 12. c3 Be6 13. Nc2 Bg7 14. Nce3 0-0 15. g3 f5 16. Bg2 Rc8 17. Qh5 b4 18. cxb4 e4 19. 0-0 Bxb2 20. Rad1 Bg7 21. Nf4 Qd7 22. Bh3 Ne7 23. g4 Rcd8 24. gxf5 Bxf5 25. Nxf5 Nxf5 26. Nd5 Qe8 27. Qg5 h6 28. Qg4 e3 29. fxe3 Qa4 30. Rxf5 Rxf5 31. Ne7+ Kh8 32. Nxf5 Rg8 33. Ne7 Re8 34. Ng6+ Kh7 35. Nh4 Rxe3 36. Nf5 Qxd1+ 37. Qxd1 Rxh3 38. Nxg7 1-0

[Event "Goodricke op 07th"]
[Site "Kolkata"]
[Date "1996.??.??"]
[Round "9"]
[White "Shah, Arpi"]
[Black "Mohota, Nisha"]
[Result "0-1"]
[WhiteElo "2035"]
[BlackElo "2110"]
[PlyCount "100"]
[EventDate "1996.02.??"]
[EventType "swiss"]
[EventRounds "11"]
[EventCountry "IND"]
[SourceTitle "CBM 050 Extra"]
[Source "ChessBase"]
[SourceDate "1996.03.01"]
[SourceVersion "1"]
[SourceVersionDate "1996.03.01"]
[SourceQuality "1"]

1. e4 Nf6 2. e5 Nd5 3. d4 d6 4. Bc4 e6 5. Nf3 Nc6 6. 0-0 Nb6 7. Bd3 Be7 8. c3 0-0 9. Qe2 d5 10. Nbd2 Na5 11. Re1 Nd7 12. Nf1 Re8 13. g3 c5 14. h4 cxd4 15. Ng5 g6 16. Nh2 Nxe5 17. Qxe5 f6 18. Qxd4 e5 19. Qe3 fxg5 20. Qxe5 Nc6 21. Qe2 gxh4 22. gxh4 Bd7 23. Qf3 Bxh4 24. Qxd5+ Be6 25. Qxd8 Raxd8 26. Bb5 Bd5 27. Bf4 Rxe1+ 28. Rxe1 Bxa2 29. Bxc6 bxc6 30. Ra1 Bd5 31. Rxa7 Rf8 32. Be3 h5 33. Bd4 Bf6 34. Bxf6 Rxf6 35. Nf1 Rf7 36. Rxf7 Kxf7 37. Nd2 Kf6 38. Kh2 g5 39. c4 Be6 40. b4 Bd7 41. Ne4+ Kf5 42. Nc3 Ke5 43. b5 Kd4 44. bxc6 Bxc6 45. Ne2+ Kxc4 46. Ng3 h4 47. Nf5 Bd7 48. f4 Bxf5 49. fxg5 Kd5 50. g6 Ke6 0-1

[Event "London SCCU op"]
[Site "London"]
[Date "1995.08.14"]
[Round "1"]
[White "Shah, Arpi"]
[Black "Young, Melvyn Jack"]
[Result "1/2-1/2"]
[WhiteElo "1759"]
[BlackElo "1759"]
[PlyCount "54"]
[EventDate "1995.08.14"]
[EventType "swiss"]
[EventRounds "9"]
[EventCountry "ENG"]
[SourceTitle "EXT 1999"]
[Source "ChessBase"]
[SourceDate "1998.11.16"]
[SourceVersion "1"]
[SourceVersionDate "1998.11.16"]
[SourceQuality "1"]

1. e4 Nf6 2. e5 Nd5 3. d4 d6 4. Bc4 dxe5 5. dxe5 Be6 6. Nf3 g6 7. 0-0 Bg7 8. Qe2 c6 9. Ng5 Qc7 10. Nxe6 fxe6 11. f4 Nd7 12. Nc3 N7b6 13. Bb3 Nxc3 14. bxc3 Nd5 15. Bd2 0-0 16. Kh1 Qd7 17. Rad1 Qe8 18. c4 Nb6 19. Qg4 Qf7 20. Ba5 c5 21. Qf3 Rad8 22. g3 Rxd1 23. Rxd1 Qf5 24. Qxb7 Qg4 25. Re1 Rd8 26. c3 Rd2 27. Rg1 Rf2 1/2-1/2

[Event "London SCCU op"]
[Site "London"]
[Date "1995.08.??"]
[Round "2"]
[White "Moloney, Nicholas"]
[Black "Shah, Arpi"]
[Result "0-1"]
[WhiteElo "2035"]
[BlackElo "1759"]
[PlyCount "60"]
[EventDate "1995.08.14"]
[EventType "swiss"]
[EventRounds "9"]
[EventCountry "ENG"]
[SourceTitle "EXT 1999"]
[Source "ChessBase"]
[SourceDate "1998.11.16"]
[SourceVersion "1"]
[SourceVersionDate "1998.11.16"]
[SourceQuality "1"]

1. e4 c6 2. d4 d5 3. e5 Bf5 4. Be2 e6 5. Nf3 c5 6. c4 dxc4 7. Bxc4 Nc6 8. Be3 Qb6 9. Nc3 Rd8 10. d5 Nge7 11. 0-0 exd5 12. Nxd5 Nxd5 13. Bxd5 Nb4 14. Qa4+ Bd7 15. Bxf7+ Kxf7 16. Qb3+ Ke8 17. Ng5 Qg6 18. a3 Nc6 19. e6 Bc8 20. Nf7 Rd3 21. Nxh8 Rxb3 22. Nxg6 hxg6 23. Rac1 b6 24. Rc2 Bxe6 25. Re1 Kf7 26. Rd1 Be7 27. h3 Ne5 28. Re1 Nd3 29. Rb1 Bf6 30. g4 Bxb2 0-1

[Event "London SCCU op"]
[Site "London"]
[Date "1995.08.??"]
[Round "9"]
[White "Shah, Arpi"]
[Black "Tuddenham, David"]
[Result "0-1"]
[WhiteElo "1759"]
[BlackElo "1992"]
[PlyCount "82"]
[EventDate "1995.08.14"]
[EventType "swiss"]
[EventRounds "9"]
[EventCountry "ENG"]
[SourceTitle "EXT 1999"]
[Source "ChessBase"]
[SourceDate "1998.11.16"]
[SourceVersion "1"]
[SourceVersionDate "1998.11.16"]
[SourceQuality "1"]

1. e4 e6 2. d4 d5 3. e5 c5 4. c3 Nc6 5. Nf3 Qb6 6. Bd3 Bd7 7. dxc5 Bxc5 8. Qe2 Qc7 9. b4 Be7 10. 0-0 f6 11. Bf4 f5 12. Re1 0-0-0 13. Nbd2 Nh6 14. Nb3 Nf7 15. a4 g5 16. b5 gxf4 17. bxc6 Bxc6 18. Nfd4 Ng5 19. Rec1 Rhg8 20. Nxc6 f3 21. Nxe7+ Qxe7 22. Qe3 Nh3+ 23. Kf1 Rxg2 24. Ke1 Rxf2 25. Nd2 Qh4 26. Kd1 f4 27. Qxa7 Qg5 28. Qa8+ Kd7 29. Qxb7+ Ke8 30. Qxh7 Rxd2+ 31. Kxd2 Qg2+ 32. Ke1 f2+ 33. Kd1 f1Q+ 34. Bxf1 Qxf1+ 35. Kd2 Qf2+ 36. Kd1 Qf3+ 37. Ke1 Qe3+ 38. Kd1 Nf2+ 39. Kc2 Qe2+ 40. Kb3 Rb8+ 41. Ka3 Qb2# 0-1

[Event "London SCCU op"]
[Site "London"]
[Date "1995.08.??"]
[Round "5"]
[White "Shah, Arpi"]
[Black "Van Zyil Smit, Konrad"]
[Result "0-1"]
[WhiteElo "1759"]
[BlackElo "2100"]
[PlyCount "94"]
[EventDate "1995.08.14"]
[EventType "swiss"]
[EventRounds "9"]
[EventCountry "ENG"]
[SourceTitle "EXT 1999"]
[Source "ChessBase"]
[SourceDate "1998.11.16"]
[SourceVersion "1"]
[SourceVersionDate "1998.11.16"]
[SourceQuality "1"]

1. e4 e5 2. Bc4 Nc6 3. Nc3 Nf6 4. d3 d6 5. f4 Be7 6. Nf3 Bg4 7. 0-0 0-0 8. h3 Bxf3 9. Qxf3 Nd4 10. Qf2 c6 11. fxe5 dxe5 12. Be3 b5 13. Bb3 Bc5 14. Ne2 a5 15. Bxd4 exd4 16. a4 Bb6 17. Kh1 Qd6 18. Ng3 Bc7 19. Rfd1 Qxg3 20. Qxg3 Bxg3 21. c3 Rfd8 22. Rac1 Bf4 23. Rc2 dxc3 24. Rxc3 Rac8 25. Rc5 h6 26. axb5 cxb5 27. Rxb5 Rb8 28. Rxb8 Rxb8 29. Bc4 Rxb2 30. Kg1 Be3+ 31. Kh2 Bc5 32. Kg3 g6 33. Rf1 Kg7 34. Kf3 a4 35. g4 Nd7 36. Kg3 Ne5 37. Bd5 a3 38. h4 Rd2 39. g5 h5 40. Rb1 Rxd3+ 41. Kg2 Rd2+ 42. Kg3 Bf2+ 43. Kh3 Rd3+ 44. Kg2 Bxh4 45. Ra1 Bxg5 46. Ra2 Rd2+ 47. Rxd2 Bxd2 0-1